Real estate investment trusts (Record no. 102613)

MARC details
000 -LEADER
fixed length control field 01087cam a2200265 4500
008 - FIXED-LENGTH DATA ELEMENTS--GENERAL INFORMATION
fixed length control field 020726n2002 000 0 eng u
020 ## - INTERNATIONAL STANDARD BOOK NUMBER
International Standard Book Number 0195155343
035 ## - SYSTEM CONTROL NUMBER
System control number (Sirsi) u121056
041 ## - LANGUAGE CODE
Language code of text/sound track or separate title eng.
050 ## - LIBRARY OF CONGRESS CALL NUMBER
Classification number 332.6324
-- 18
100 ## - MAIN ENTRY--PERSONAL NAME
Personal name Chan, Su Han
245 ## - TITLE STATEMENT
Title Real estate investment trusts
Remainder of title structure performance and investment opportunities
260 ## - PUBLICATION, DISTRIBUTION, ETC.
Place of publication, distribution, etc. New York
Name of publisher, distributor, etc. Oxford University Press
Date of publication, distribution, etc. 2002
300 ## - PHYSICAL DESCRIPTION
Extent x, 305p.
Other physical details ill.
Dimensions 25cm.
350 ## - PRICE (NR) (BK AM CF MU VM SE) [OBSOLETE]
Price 30
490 ## - SERIES STATEMENT
Series statement Financial Management Association Survey and Synthesis Series
520 ## - SUMMARY, ETC.
Summary, etc. Analyses and synthesizes the existing scholarly research on real estate investment trusts (REITs). The text aims to help investors evaluate REITs and identify those with the greatest investment potential. Also discusses the likely future prospects of this unique investment vehicle.
650 ## - SUBJECT ADDED ENTRY--TOPICAL TERM
Topical term or geographic name entry element PROPERTY INVESTMENT
650 ## - SUBJECT ADDED ENTRY--TOPICAL TERM
Topical term or geographic name entry element REITS
650 ## - SUBJECT ADDED ENTRY--TOPICAL TERM
Topical term or geographic name entry element UNITED STATES
690 ## - LOCAL SUBJECT ADDED ENTRY--TOPICAL TERM (OCLC, RLIN)
Topical term or geographic name as entry element PROPERTY-COMMERCIAL PROPERTY-COMMERCIAL PROPERTY FINANCE AND INVESTMENT
700 ## - ADDED ENTRY--PERSONAL NAME
Personal name Erickson, John
700 ## - ADDED ENTRY--PERSONAL NAME
Personal name Wang, Ko
942 ## - ADDED ENTRY ELEMENTS (KOHA)
Suppress in OPAC 0
Holdings
Withdrawn status Lost status Source of classification or shelving scheme Damaged status Not for loan Home library Current library Shelving location Date acquired Cost, normal purchase price Total Checkouts Full call number Barcode Date last seen Date last checked out Copy number Cost, replacement price Price effective from Koha item type
    Dewey Decimal Classification     London London Books 06/05/2003 30.00 37 332.6324 CHA 30068563 06/08/2019 04/11/2009 1 30.00 06/08/2019 Book